Marvel Heroes Starting with E (by picture) - Statistics

General Stats
  • This quiz has been taken 72 times
  • The average score is 3 of 5
Answer Stats
Picture Answer % Correct
Elektra
95%
Echo
88%
Elsa Bloodstone
48%
Excalibur
29%
Energizer
23%
No matching quizzes found
Score Distribution
Percent of People with Each Score
Percentile by Number Answered
Your Score History
You have not taken this quiz